000 00520nam a2200193Ia 4500
005 20250508161534.0
008 008 250505s9999 xx 000 0 eng d
037 _aTextual
040 _aFEDL
_beng
_cFEDL
041 _aeng
_2eng
084 _a301.153, GAN
_qFEDL
100 _aGandhi M. K.
245 0 _aFor pacifists
260 _aAhmedabad, India
_bNavjivan Prakashan Mandir
_c1949
300 _aviii,113p.
650 _aSociology
942 _cTEXL
_h301.153, GAN
999 _c1370640
_d1370640